00985nam a2200181 a 450000500170000000800410001702000180005805000170007610000210009324500820011426000570019630000170025352003560027065000300062665000190065699900190067595201090069420140412111316.0010309s19uu xx 00 eng d a0-590-50983-7 aERbIn1 1995 aKrulik, Nancy E. aThe Indian in the cupboard :bOmri's scrapbook /cadapted by Nancy E. Krulik. aNew York :bParamount Picture/Scholastic Inc,c1995. a28 p. ; ill. aMy name is Omri, and this scrapbook tells all about the most amazing thing that's ever happened to me. For my birthday, my friend Patrick gave me a plastic Indian figure and my brother gave me an old cupboard. When I put the plastic figure into the cupboard, the figure came alive! When you see the pictures you won't believe it . . . I still can't! aIndian stories -- Fiction aToys - Fiction c104230d104230 00104050aELbELcERd2001-03-09eDonationl0oER In1 1995pE7066r2014-04-12 00:00:00w2014-04-12yBK